Reading with Patrick : a teacher, a student and the life-changing power of books

Bibliographic Details
Main Author: Kuo, Michelle
Format: Book
Published: New York : Ramndom House , 2017
Subjects:

MARC

LEADER 00000cam a2200000 7i4500
001 0000227415
005 20181009.0
020 |a 9781447286059 
090 0 0 |a 378.26927092   |b KUO 
100 1 |a Kuo, Michelle 
245 1 0 |a Reading with Patrick :   |b a teacher, a student and the life-changing power of books   |c Michelle Kuo 
260 |a New York :   |b Ramndom House ,   |c 2017 
300 |a 296p. ;   |c 23cm. 
600 1 0 |a Browning, Patrick 
600 1 0 |a Kuo, Michelle 
650 0 |a Alternative schools   |z United States 
650 0 |a Prisoners   |x Education   |z United States 
650 0 |a Race discrimination   |z United States 
999 |a 00356213   |b BUKU   |c PINJAMAN   |e PERPUSTAKAAN KOMUNITI PETALING JAYA